Score 0/16 Timer 04:00
1 Play Today
Question Answer Wrong Answers
Founder of the Mongol Empire Genghis Khan
92.5%
Prince Kamal Khan
1.4%
Shere Khan
0.7%
Khan Noonien Singh
0.7%
Enemy of the human boy Mowgli Shere Khan
92%
Prince Kamal Khan
1.1%
Genghis Khan
1.5%
Khan Noonien Singh
0.5%
Led military campaigns against the Qara Khitai empire & Western Xia and Jin dynasties Genghis Khan
91%
Prince Kamal Khan
2.3%
Shere Khan
0.5%
Khan Noonien Singh
1.2%
Died in a plane crash caused by the MI6 agent James Bond Prince Kamal Khan
89.7%
Genghis Khan
1.3%
Shere Khan
0.6%
Khan Noonien Singh
3.5%
Archenemy of the Federation Starfleet Captain James T. Kirk Khan Noonien Singh
88.4%
Prince Kamal Khan
4.7%
Genghis Khan
1.5%
Shere Khan
0.5%
Fought with a Turko-Mongol saber, a Jida lance & a recurved bow from horseback Genghis Khan
87.2%
Prince Kamal Khan
3%
Shere Khan
2%
Khan Noonien Singh
3.2%
Fictional character created by the author Rudyard Kipling Shere Khan
87.1%
Prince Kamal Khan
4.1%
Genghis Khan
2%
Khan Noonien Singh
2%
Known partnerships include General Orlov & Octopussy Prince Kamal Khan
86.8%
Genghis Khan
2.5%
Shere Khan
0.8%
Khan Noonien Singh
4.9%
A fictional exiled Afghan prince & smuggler with nuclear ambitions Prince Kamal Khan
84.2%
Genghis Khan
4%
Shere Khan
0.9%
Khan Noonien Singh
5.9%
Marooned and exiled on Ceti Alpha V after a failed coup attempt Khan Noonien Singh
83.4%
Prince Kamal Khan
6.2%
Genghis Khan
4.9%
Shere Khan
0.6%
A genetically engineered superhuman who became a prominent conqueror & ruler on Earth after the Eugenics Wars Khan Noonien Singh
80.5%
Prince Kamal Khan
8.6%
Genghis Khan
5%
Shere Khan
0.8%
Cryogenically frozen in suspended animation aboard the SS Botany Bay Khan Noonien Singh
80.4%
Prince Kamal Khan
9.8%
Genghis Khan
2.9%
Shere Khan
1.9%
Had sons named Jochi, Chagatai, Ögedei, and Tolui Genghis Khan
77.7%
Prince Kamal Khan
7.1%
Shere Khan
3.8%
Khan Noonien Singh
6.8%
Killed by a buffalo stampede in a narrow canyon Shere Khan
63.4%
Prince Kamal Khan
6.2%
Genghis Khan
22.4%
Khan Noonien Singh
3.1%
Lives at the residence dubbed the 'Monsoon Palace' Prince Kamal Khan
54.5%
Genghis Khan
28.7%
Shere Khan
7%
Khan Noonien Singh
4.4%
Nicknamed Lungri by his mother, meaning 'The Lame One' Shere Khan
26.7%
Prince Kamal Khan
12.6%
Genghis Khan
48.6%
Khan Noonien Singh
7.6%

Today's Daily Dose

Remove Ads.
Support Sporcle.
Get the best of Sporcle when you Go Orange. This ad-free experience offers more features, more stats, and more fun while also helping to support Sporcle. Thank you for becoming a member.

You're not logged in!

Compare scores with friends on all Sporcle quizzes.
OR
Log In

Show Comments

Extras

Top Quizzes Today


Score Distribution

Your Account Isn't Verified!

In order to create a playlist on Sporcle, you need to verify the email address you used during registration. Go to your Sporcle Settings to finish the process.

Report this User

Report this user for behavior that violates our Community Guidelines.

Details: